[Event "17. Obert Int. Sant Marti 2015"]
[Site "Barcelona ESP"]
[Date "2015.07.17"]
[Round "5.26"]
[White "Hapala, Elisabeth"]
[Black "Munoz Pantoja, Miguel"]
[Result "0-1"]
[WhiteElo "2083"]
[BlackElo "2430"]
[PlyCount "84"]
[EventDate "2015.07.13"]
[EventType "swiss"]
[EventRounds "9"]
[EventCountry "ESP"]
[SourceTitle "Ajedrez en Madrid"]
[Source "lmi"]
[SourceDate "2013.07.13"]
[SourceVersion "1"]
[SourceVersionDate "2019.06.24"]
[SourceQuality "1"]

1. e4 d5 2. exd5 Qxd5 3. Nc3 Qa5 4. d4 Nf6 5. Nf3 Bg4 6. h3 Bh5 7. g4 Bg6 8.
Ne5 e6 9. Bg2 c6 10. h4 Nbd7 11. Nxd7 Kxd7 12. Qe2 Bb4 13. Bd2 Bxc2 14. Rc1 Ba4
15. a3 Bxc3 16. Bxc3 Qb5 17. Qf3 Bb3 18. g5 Bd5 19. Qf4 Bxg2 20. Rg1 Bd5 21.
gxf6 g6 22. Bb4 a5 23. Qd6+ Kc8 24. Bd2 Rd8 25. Qe5 Qxb2 26. Bf4 Rd7 27. Rg3 b6
28. Rgc3 Kb7 29. Kf1 a4 30. Kg1 Rc8 31. Kf1 Qb5+ 32. Kg1 h5 33. Bg3 Ka6 34. Bf4
Rb7 35. Bg3 Bb3 36. Qd6 Bd5 37. Qe5 Rd7 38. Bf4 Bb3 39. Qxb5+ Kxb5 40. Be5 c5
41. dxc5 Rxc5 42. Kg2 Rxe5 0-1

[Event "17. Obert Int. Sant Marti 2015"]
[Site "Barcelona ESP"]
[Date "2015.07.17"]
[Round "5.27"]
[White "Codenotti, Marco"]
[Black "Aguilar, Andres"]
[Result "1-0"]
[WhiteElo "2421"]
[BlackElo "2224"]
[PlyCount "57"]
[EventDate "2015.07.13"]
[EventType "swiss"]
[EventRounds "9"]
[EventCountry "ESP"]
[SourceTitle "Ajedrez en Madrid"]
[Source "lmi"]
[SourceDate "2013.07.13"]
[SourceVersion "1"]
[SourceVersionDate "2019.06.24"]
[SourceQuality "1"]

1. e4 c5 2. Nf3 Nc6 3. c3 d5 4. exd5 Qxd5 5. d4 Bg4 6. Be2 cxd4 7. cxd4 e6 8.
Nc3 Qa5 9. h3 Bh5 10. d5 exd5 11. Nd4 Bxe2 12. Qxe2+ Be7 13. Nxc6 bxc6 14. O-O
Nf6 15. Bg5 Kf8 16. Rfe1 Qd8 17. Qa6 Qb6 18. Qe2 Qd8 19. Rac1 h6 20. Be3 c5 21.
Na4 d4 22. Bd2 Nd7 23. Ba5 Nb6 24. Nxc5 h5 25. Qf3 Bxc5 26. Rxc5 Rh6 27. Rf5
Rf6 28. Rxf6 Qxf6 29. Bxb6 1-0

[Event "17. Obert Int. Sant Marti 2015"]
[Site "Barcelona ESP"]
[Date "2015.07.17"]
[Round "5.28"]
[White "Raja, Harshit"]
[Black "Kantsler, Boris"]
[Result "1/2-1/2"]
[WhiteElo "2205"]
[BlackElo "2415"]
[PlyCount "92"]
[EventDate "2015.07.13"]
[EventType "swiss"]
[EventRounds "9"]
[EventCountry "ESP"]
[SourceTitle "Ajedrez en Madrid"]
[Source "lmi"]
[SourceDate "2013.07.13"]
[SourceVersion "1"]
[SourceVersionDate "2019.06.24"]
[SourceQuality "1"]

1. e4 c5 2. Nf3 e6 3. d4 cxd4 4. Nxd4 a6 5. Bd3 Qb6 6. Nb3 Qc7 7. O-O Nf6 8. f4
d6 9. Nc3 Nc6 10. Qf3 Be7 11. Be3 Nb4 12. Qg3 g6 13. e5 Nh5 14. Qf2 O-O 15. Be4
dxe5 16. Bb6 Qb8 17. Bc5 Bxc5 18. Qxc5 a5 19. a3 a4 20. axb4 axb3 21. Rxa8 Qxa8
22. fxe5 bxc2 23. Bxc2 Bd7 24. Qd4 Qc8 25. Bd1 Ng7 26. Ne4 Ne8 27. Ng5 h6 28.
Ne4 Bc6 29. Nc3 Nc7 30. Qf4 Qd8 31. Bc2 Qg5 32. Qxg5 hxg5 33. Be4 Nd5 34. Bxd5
Bxd5 35. Rd1 Rc8 36. Nxd5 exd5 37. Rxd5 Rc1+ 38. Kf2 Rc2+ 39. Kg3 Rxb2 40. Rb5
Kf8 41. Rxb7 Re2 42. Rb5 Ke7 43. Kf3 Rb2 44. h3 Ke6 45. Rb7 Kxe5 46. Rxf7 Rxb4
1/2-1/2

[Event "17. Obert Int. Sant Marti 2015"]
[Site "Barcelona ESP"]
[Date "2015.07.17"]
[Round "5.29"]
[White "Pettersen, Joar Gullestad"]
[Black "Satyapragyan, Swayangsu"]
[Result "1/2-1/2"]
[WhiteElo "1968"]
[BlackElo "2392"]
[PlyCount "51"]
[EventDate "2015.07.13"]
[EventType "swiss"]
[EventRounds "9"]
[EventCountry "ESP"]
[SourceTitle "Ajedrez en Madrid"]
[Source "lmi"]
[SourceDate "2013.07.13"]
[SourceVersion "1"]
[SourceVersionDate "2019.06.24"]
[SourceQuality "1"]

1. e4 c5 2. Nf3 e6 3. d4 cxd4 4. Nxd4 a6 5. Bd3 Nf6 6. O-O Qc7 7. h3 d6 8. c4
g6 9. Nc3 Bg7 10. Nf3 O-O 11. Bf4 Nh5 12. Be3 Nd7 13. Rc1 b6 14. Qd2 Bb7 15.
Rfd1 Rad8 16. b4 f5 17. Be2 Bxc3 18. Qxc3 f4 19. Bd2 Ndf6 20. e5 Ne4 21. Qb2
dxe5 22. Be1 Rxd1 23. Rxd1 Rf5 24. Nh4 Rf8 25. Nf3 Rf5 26. Nh4 1/2-1/2

[Event "17. Obert Int. Sant Marti 2015"]
[Site "Barcelona ESP"]
[Date "2015.07.17"]
[Round "5.30"]
[White "Valdes Romero, Leonardo"]
[Black "Coppola, Federico"]
[Result "1-0"]
[WhiteElo "2396"]
[BlackElo "2136"]
[PlyCount "101"]
[EventDate "2015.07.13"]
[EventType "swiss"]
[EventRounds "9"]
[EventCountry "ESP"]
[SourceTitle "Ajedrez en Madrid"]
[Source "lmi"]
[SourceDate "2013.07.13"]
[SourceVersion "1"]
[SourceVersionDate "2019.06.24"]
[SourceQuality "1"]

1. Nf3 c5 2. c4 Nc6 3. Nc3 g6 4. g3 Bg7 5. Bg2 d6 6. a3 e6 7. d3 Nge7 8. Bg5 h6
9. Bd2 O-O 10. O-O b6 11. Rb1 Bb7 12. b4 Qd7 13. Qa4 f5 14. Rfc1 g5 15. h3 Ng6
16. Ne1 Rf7 17. Qd1 Raf8 18. bxc5 dxc5 19. Nb5 Be5 20. a4 f4 21. g4 f3 22. Nxf3
Bb8 23. Be3 Rxf3 24. Bxf3 Rxf3 25. exf3 Nce5 26. d4 Nxf3+ 27. Kf1 Nh2+ 28. Ke1
Nf3+ 29. Ke2 cxd4 30. c5 Be4 31. Rb3 bxc5 32. Rxc5 Nf4+ 33. Bxf4 Bxf4 34. Rd3
Ne5 35. Rxd4 Bf3+ 36. Ke1 Bxd1 37. Rxd7 Nxd7 38. Rc8+ Kf7 39. Kxd1 Nb6 40. Rc6
Nxa4 41. Nxa7 Be5 42. Kc2 Bd4 43. Nc8 Bxf2 44. Nd6+ Ke7 45. Ne4 Bg1 46. Rc7+
Kf8 47. Rh7 Be3 48. Rxh6 e5 49. Ra6 Nc5 50. Nxc5 Bxc5 51. Kd3 1-0

[Event "17. Obert Int. Sant Marti 2015"]
[Site "Barcelona ESP"]
[Date "2015.07.17"]
[Round "5.31"]
[White "Forsa, Espen"]
[Black "Fernandez Madrid, Carlos"]
[Result "1-0"]
[WhiteElo "2304"]
[BlackElo "2168"]
[PlyCount "73"]
[EventDate "2015.07.13"]
[EventType "swiss"]
[EventRounds "9"]
[EventCountry "ESP"]
[SourceTitle "Ajedrez en Madrid"]
[Source "lmi"]
[SourceDate "2013.07.13"]
[SourceVersion "1"]
[SourceVersionDate "2019.06.24"]
[SourceQuality "1"]

1. d4 d6 2. Nf3 Bg4 3. c4 Bxf3 4. exf3 Nd7 5. f4 g6 6. g3 Bg7 7. Bg2 Rb8 8. Nc3
Ngf6 9. O-O O-O 10. Re1 Nb6 11. Qd3 e6 12. b3 c5 13. dxc5 dxc5 14. Qc2 Ng4 15.
Bb2 Nd7 16. Rad1 Qe7 17. h3 Nh6 18. g4 Rfd8 19. Ne4 Nf8 20. Bxg7 Kxg7 21. Qc3+
f6 22. Ng5 Rxd1 23. Rxd1 Rd8 24. Rxd8 Qxd8 25. Bxb7 Qc7 26. Bg2 Qxf4 27. Ne4
Nf7 28. Nxc5 Ng5 29. Qe3 Qd6 30. Nd3 Nd7 31. c5 Qa6 32. h4 Nf7 33. a4 Nde5 34.
Nxe5 Nxe5 35. a5 Nxg4 36. Qf3 h5 37. Qb7+ 1-0

[Event "17. Obert Int. Sant Marti 2015"]
[Site "Barcelona ESP"]
[Date "2015.07.17"]
[Round "5.32"]
[White "Vittorino, Carlo Giovanni"]
[Black "Petrone, Gianmario"]
[Result "1-0"]
[WhiteElo "2301"]
[BlackElo "2102"]
[PlyCount "97"]
[EventDate "2015.07.13"]
[EventType "swiss"]
[EventRounds "9"]
[EventCountry "ESP"]
[SourceTitle "Ajedrez en Madrid"]
[Source "lmi"]
[SourceDate "2013.07.13"]
[SourceVersion "1"]
[SourceVersionDate "2019.06.24"]
[SourceQuality "1"]

1. e4 c5 2. Nf3 d6 3. d4 cxd4 4. Qxd4 Nc6 5. Bb5 Bd7 6. Bxc6 Bxc6 7. Nc3 Nf6 8.
Bg5 e6 9. O-O-O Be7 10. Qd3 O-O 11. Nd4 Rc8 12. f4 a5 13. Kb1 Re8 14. h4 a4 15.
g4 a3 16. b3 Qa5 17. Nxc6 Rxc6 18. Bxf6 Bxf6 19. Nb5 d5 20. e5 Be7 21. Nd4 Qc3
22. Qxc3 Rxc3 23. Rd3 Rec8 24. h5 Rxd3 25. cxd3 Rc3 26. Rd1 Bb4 27. f5 exf5 28.
gxf5 Kf8 29. Ne2 Rc6 30. Nf4 Bc3 31. d4 f6 32. e6 Rd6 33. Rc1 Bxd4 34. Rc8+ Ke7
35. Rc7+ Kf8 36. e7+ Ke8 37. Ne6 Rxe6 38. fxe6 f5 39. Kc2 b5 40. Rd7 b4 41.
Rxd5 Bc3 42. Rd7 Bf6 43. Kd3 Bxe7 44. Kd4 Bf6+ 45. Kd5 f4 46. Ke4 g5 47. Rxh7
Be7 48. h6 Bd6 49. Rf7 1-0

[Event "17. Obert Int. Sant Marti 2015"]
[Site "Barcelona ESP"]
[Date "2015.07.17"]
[Round "5.35"]
[White "Dalo, Hermes"]
[Black "Font Purroy, Vicenc"]
[Result "1-0"]
[WhiteElo "2274"]
[BlackElo "2092"]
[PlyCount "105"]
[EventDate "2015.07.13"]
[EventType "swiss"]
[EventRounds "9"]
[EventCountry "ESP"]
[SourceTitle "Ajedrez en Madrid"]
[Source "lmi"]
[SourceDate "2013.07.13"]
[SourceVersion "1"]
[SourceVersionDate "2019.06.24"]
[SourceQuality "1"]

1. d4 c5 2. d5 d6 3. e4 e6 4. Bb5+ Bd7 5. a4 a6 6. Bxd7+ Nxd7 7. Nc3 Ngf6 8.
Nge2 e5 9. Ng3 g6 10. h4 h5 11. Bg5 Be7 12. Qe2 Nh7 13. Bxe7 Qxe7 14. Nf1 Nhf8
15. Ne3 Nf6 16. Nc4 N8d7 17. a5 Kf8 18. Ra3 Kg7 19. Rb3 Rab8 20. Na4 Rhf8 21.
Nab6 Rfd8 22. g3 Nf8 23. O-O N8h7 24. f3 Nf8 25. f4 exf4 26. Rxf4 N6d7 27. Rbf3
f6 28. Qg2 Nh7 29. g4 Ne5 30. Rg3 Nxg4 31. c3 f5 32. exf5 Qxh4 33. fxg6 Nhf6
34. Rh3 Qg5 35. Rhf3 Qxg6 36. Ne3 Rf8 37. Rg3 Qb1+ 38. Rf1 Qg6 39. Nf5+ Kh7 40.
Nxd6 Rbd8 41. Nbc4 Nd7 42. Nxb7 Rxf1+ 43. Qxf1 h4 44. Nxd8 hxg3 45. Qf7+ Qxf7
46. Nxf7 Kg6 47. Nd8 Ngf6 48. Ne3 Ne4 49. Kg2 Kf6 50. Nc6 Ne5 51. Nb8 Nd3 52.
Nxa6 Nxb2 53. Nc7 1-0

[Event "17. Obert Int. Sant Marti 2015"]
[Site "Barcelona ESP"]
[Date "2015.07.17"]
[Round "5.36"]
[White "Fernandez Aguilar, Francisco"]
[Black "Fernandez Diaz, Cristian"]
[Result "0-1"]
[WhiteElo "2067"]
[BlackElo "2272"]
[PlyCount "76"]
[EventDate "2015.07.13"]
[EventType "swiss"]
[EventRounds "9"]
[EventCountry "ESP"]
[SourceTitle "Ajedrez en Madrid"]
[Source "lmi"]
[SourceDate "2013.07.13"]
[SourceVersion "1"]
[SourceVersionDate "2019.06.24"]
[SourceQuality "1"]

1. e4 e6 2. Qe2 c5 3. Nf3 Nc6 4. g3 g6 5. Bg2 Bg7 6. c3 Nge7 7. O-O O-O 8. d4
cxd4 9. cxd4 d5 10. e5 Nf5 11. Rd1 f6 12. exf6 Qxf6 13. Be3 Bd7 14. Nc3 Rae8
15. Qd2 Qf7 16. Rac1 Bf6 17. b3 Qg7 18. Bh3 Nxe3 19. fxe3 g5 20. Bg2 g4 21. Ne1
Bg5 22. Nc2 Ne7 23. Ne2 h5 24. Nf4 h4 25. Bf1 Nf5 26. Qf2 Nd6 27. a4 Ne4 28.
Qe1 Qh6 29. Bd3 Nd6 30. Ng6 Rf3 31. Ne5 Rxe3 32. Nxe3 Bxe3+ 33. Kg2 Bxc1 34.
Rxc1 Rf8 35. Nxd7 hxg3 36. hxg3 Rf3 37. Bf1 Qh3+ 38. Kg1 Rxg3+ 0-1

[Event "17. Obert Int. Sant Marti 2015"]
[Site "Barcelona ESP"]
[Date "2015.07.17"]
[Round "5.37"]
[White "Matt, Fabian"]
[Black "Derakhshani, Borna"]
[Result "0-1"]
[WhiteElo "2258"]
[BlackElo "2079"]
[PlyCount "88"]
[EventDate "2015.07.13"]
[EventType "swiss"]
[EventRounds "9"]
[EventCountry "ESP"]
[SourceTitle "Ajedrez en Madrid"]
[Source "lmi"]
[SourceDate "2013.07.13"]
[SourceVersion "1"]
[SourceVersionDate "2019.06.24"]
[SourceQuality "1"]

1. d4 Nf6 2. c4 e6 3. Nc3 Bb4 4. e3 O-O 5. Nge2 Ne4 6. Qc2 f5 7. a3 Nxc3 8.
Nxc3 Bxc3+ 9. Qxc3 b6 10. Bd3 Bb7 11. O-O d6 12. b4 Qh4 13. f3 Rf6 14. Qe1 Qh5
15. Bb2 Rh6 16. Qg3 Rg6 17. Qf4 Nd7 18. d5 Rf8 19. dxe6 Rxe6 20. c5 Ne5 21.
Bxe5 dxe5 22. Qc4 Rfe8 23. e4 f4 24. c6 Bc8 25. Rf2 Kh8 26. Bf1 Rh6 27. h3 Rg6
28. Kh1 Be6 29. Qc2 Qh4 30. Rd2 Qg3 31. Rad1 Bxh3 32. Rd8 Bxg2+ 33. Qxg2 Qh4+
34. Qh2 Rxd8 35. Qxh4 Rxd1 36. Qf2 Rg3 37. Qe2 Rd6 38. Bg2 Rdg6 39. Qd3 h6 40.
Qd8+ Kh7 41. Qxc7 Rxg2 42. Qxe5 Rg1+ 43. Kh2 R6g2+ 44. Kh3 Rg5 0-1

[Event "17. Obert Int. Sant Marti 2015"]
[Site "Barcelona ESP"]
[Date "2015.07.17"]
[Round "5.38"]
[White "Lopez Perdomo, Juan David"]
[Black "Ossa, Orlando"]
[Result "1/2-1/2"]
[WhiteElo "2056"]
[BlackElo "2249"]
[PlyCount "88"]
[EventDate "2015.07.13"]
[EventType "swiss"]
[EventRounds "9"]
[EventCountry "ESP"]
[SourceTitle "Ajedrez en Madrid"]
[Source "lmi"]
[SourceDate "2013.07.13"]
[SourceVersion "1"]
[SourceVersionDate "2019.06.24"]
[SourceQuality "1"]

1. d4 Nf6 2. c4 g6 3. Nc3 Bg7 4. e4 d6 5. Nf3 O-O 6. Be2 e5 7. d5 a5 8. Bg5 Na6
9. Nd2 h6 10. Be3 Ne8 11. O-O f5 12. f3 f4 13. Bf2 g5 14. a3 h5 15. b4 Rf6 16.
c5 Rg6 17. Bxa6 Rxa6 18. b5 Ra8 19. c6 b6 20. Re1 g4 21. Kf1 h4 22. Ke2 h3 23.
gxh3 g3 24. hxg3 fxg3 25. Be3 Nf6 26. Kd3 Nh5 27. Ne2 Qh4 28. Ra2 Kf7 29. Nc4
Bxh3 30. Rh1 g2 31. Rh2 Nf4+ 32. Bxf4 exf4 33. Ng1 Qf6 34. Ke2 Qd4 35. Qxd4
Bxd4 36. Nxh3 Rh8 37. Kd3 Rxh3 38. Raxg2 Rxg2 39. Rxh3 Rg3 40. Rh7+ Bg7 41.
Nxd6+ cxd6 42. c7 Rxf3+ 43. Kd2 Rf2+ 44. Kd1 Rf1+ 1/2-1/2

[Event "17. Obert Int. Sant Marti 2015"]
[Site "Barcelona ESP"]
[Date "2015.07.17"]
[Round "5.39"]
[White "Uzumcu, Ahmet Utku"]
[Black "Larsson, Anders"]
[Result "1/2-1/2"]
[WhiteElo "2032"]
[BlackElo "2242"]
[PlyCount "87"]
[EventDate "2015.07.13"]
[EventType "swiss"]
[EventRounds "9"]
[EventCountry "ESP"]
[SourceTitle "Ajedrez en Madrid"]
[Source "lmi"]
[SourceDate "2013.07.13"]
[SourceVersion "1"]
[SourceVersionDate "2019.06.24"]
[SourceQuality "1"]

1. e4 c5 2. Nf3 g6 3. d4 cxd4 4. Nxd4 Bg7 5. Nc3 Nc6 6. Be3 Nf6 7. Bc4 O-O 8.
Bb3 a6 9. f3 Na5 10. Qd2 Nxb3 11. Nxb3 d6 12. h4 Be6 13. O-O-O Bxb3 14. cxb3
Qa5 15. Kb1 Rfc8 16. Bh6 Bxh6 17. Qxh6 Qh5 18. Qxh5 gxh5 19. Nd5 Nxd5 20. Rxd5
Rc5 21. Rxc5 dxc5 22. Rd1 e6 23. Rd7 Rb8 24. f4 Kg7 25. e5 Kg6 26. Kc2 Kf5 27.
Rxf7+ Ke4 28. g3 b5 29. Rd7 Rg8 30. Rd3 c4 31. bxc4 bxc4 32. Ra3 Kd4 33. Rc3 a5
34. b3 cxb3+ 35. axb3 Rg7 36. Kd2 Rg8 37. Rd3+ Ke4 38. Re3+ Kd4 39. Ke2 Rg7 40.
Rd3+ Ke4 41. Rc3 Rb7 42. Re3+ Kf5 43. Kf3 Rb4 44. Rc3 1/2-1/2

[Event "17. Obert Int. Sant Marti 2015"]
[Site "Barcelona ESP"]
[Date "2015.07.17"]
[Round "5.40"]
[White "Minko, Vladimir"]
[Black "Dadello, Aleksandra"]
[Result "1-0"]
[WhiteElo "2226"]
[BlackElo "2068"]
[PlyCount "57"]
[EventDate "2015.07.13"]
[EventType "swiss"]
[EventRounds "9"]
[EventCountry "ESP"]
[SourceTitle "Ajedrez en Madrid"]
[Source "lmi"]
[SourceDate "2013.07.13"]
[SourceVersion "1"]
[SourceVersionDate "2019.06.24"]
[SourceQuality "1"]

1. d4 d5 2. c4 e6 3. Nc3 Nf6 4. cxd5 exd5 5. Bg5 Be7 6. e3 c6 7. Bd3 O-O 8. Qc2
Nbd7 9. Nge2 Re8 10. f3 Nf8 11. O-O h6 12. Bh4 Ne6 13. Rad1 b6 14. Kh1 Bb7 15.
e4 dxe4 16. fxe4 Ng4 17. Bf2 Nxf2+ 18. Rxf2 Bg5 19. Bc4 Qc7 20. Rdf1 Nd8 21. e5
Bc8 22. Bxf7+ Nxf7 23. Rxf7 Qxf7 24. Rxf7 Kxf7 25. Ne4 Be7 26. Nf4 Kg8 27. Qb3+
Kh7 28. Qf7 Ba6 29. Nh5 1-0

[Event "17. Obert Int. Sant Marti 2015"]
[Site "Barcelona ESP"]
[Date "2015.07.17"]
[Round "5.41"]
[White "Supriya, Joshi"]
[Black "Chirivi C, Jenny Astrid"]
[Result "1-0"]
[WhiteElo "1953"]
[BlackElo "2218"]
[PlyCount "113"]
[EventDate "2015.07.13"]
[EventType "swiss"]
[EventRounds "9"]
[EventCountry "ESP"]
[SourceTitle "Ajedrez en Madrid"]
[Source "lmi"]
[SourceDate "2013.07.13"]
[SourceVersion "1"]
[SourceVersionDate "2019.06.24"]
[SourceQuality "1"]

1. e4 c5 2. Nf3 e6 3. d4 cxd4 4. Nxd4 a6 5. Nc3 Qc7 6. Bd3 Bd6 7. Qg4 Be5 8.
Be3 Nf6 9. Qh4 Nc6 10. Nde2 Ne7 11. O-O Ng6 12. Qh3 d5 13. f4 Bxc3 14. Nxc3 e5
15. Qg3 dxe4 16. Bxe4 Nxe4 17. Nxe4 Qc6 18. Ng5 h6 19. Nf3 exf4 20. Bxf4 O-O
21. Ne5 Qc5+ 22. Kh1 Nxf4 23. Qxf4 Be6 24. c4 Rad8 25. Rad1 Rxd1 26. Rxd1 Qc7
27. Qd4 Re8 28. b3 Bf5 29. Nf3 Re2 30. Qd8+ Qxd8 31. Rxd8+ Kh7 32. Rd2 Re3 33.
Kg1 Rc3 34. Kf2 f6 35. Nd4 Rd3 36. Rxd3 Bxd3 37. Ke3 Bg6 38. Ne6 Bf5 39. Nd8
Bc8 40. c5 Kg8 41. Kd4 Kf8 42. c6 bxc6 43. Kc5 Ke7 44. Nxc6+ Ke6 45. b4 Kd7 46.
Kb6 Kd6 47. Nb8 f5 48. Nxa6 g5 49. Nc5 f4 50. a4 g4 51. a5 Bf5 52. a6 f3 53.
gxf3 gxf3 54. Nb3 Be4 55. Nd2 Bd5 56. b5 f2 57. Ka7 1-0

[Event "17. Obert Int. Sant Marti 2015"]
[Site "Barcelona ESP"]
[Date "2015.07.17"]
[Round "5.42"]
[White "Papathanasiou, Elisavet"]
[Black "Ayza Leon, David"]
[Result "0-1"]
[WhiteElo "1951"]
[BlackElo "2208"]
[PlyCount "80"]
[EventDate "2015.07.13"]
[EventType "swiss"]
[EventRounds "9"]
[EventCountry "ESP"]
[SourceTitle "Ajedrez en Madrid"]
[Source "lmi"]
[SourceDate "2013.07.13"]
[SourceVersion "1"]
[SourceVersionDate "2019.06.24"]
[SourceQuality "1"]

1. d4 d5 2. Nf3 Nf6 3. c4 e6 4. e3 c6 5. Nbd2 Nbd7 6. Bd3 Be7 7. e4 dxe4 8.
Nxe4 Nxe4 9. Bxe4 Qc7 10. O-O O-O 11. Bc2 e5 12. dxe5 Nxe5 13. Bf4 Nxf3+ 14.
Qxf3 Qd7 15. Rad1 Qg4 16. Qe4 g6 17. Qxe7 Qxf4 18. Rd8 Rxd8 19. Qxd8+ Kg7 20.
Re1 Rb8 21. g3 Bh3 22. Qa5 Qd4 23. Qc7 Rc8 24. Qe5+ Qxe5 25. Rxe5 Rd8 26. Re2
Bg4 27. Re3 Rd2 28. Rc3 Bh3 29. b4 Re2 30. f3 Rg2+ 31. Kh1 Rf2 32. Bd3 Rxa2 33.
Rc1 Bg2+ 34. Kg1 Bxf3 35. Bf1 Be2 36. Bxe2 Rxe2 37. Ra1 Rb2 38. b5 cxb5 39.
cxb5 Rxb5 40. Rxa7 Rb2 0-1

[Event "17. Obert Int. Sant Marti 2015"]
[Site "Barcelona ESP"]
[Date "2015.07.17"]
[Round "5.43"]
[White "Sanchez Sandoval, Gonzalo"]
[Black "Dominguez, Laura Lucia"]
[Result "1-0"]
[WhiteElo "2205"]
[BlackElo "2057"]
[PlyCount "153"]
[EventDate "2015.07.13"]
[EventType "swiss"]
[EventRounds "9"]
[EventCountry "ESP"]
[SourceTitle "Ajedrez en Madrid"]
[Source "lmi"]
[SourceDate "2013.07.13"]
[SourceVersion "1"]
[SourceVersionDate "2019.06.24"]
[SourceQuality "1"]

1. d4 Nf6 2. g3 g6 3. Bg2 Bg7 4. e4 d6 5. Nc3 O-O 6. Nge2 Nbd7 7. O-O e5 8. h3
c6 9. a4 Ne8 10. Be3 Qe7 11. a5 a6 12. Qd2 f5 13. Rad1 fxe4 14. d5 c5 15. Nxe4
Ndf6 16. N2c3 Bd7 17. Rfe1 Qd8 18. Ra1 b5 19. axb6 Nxe4 20. Nxe4 Qxb6 21. Reb1
Qc7 22. Qa5 Qxa5 23. Rxa5 Bf5 24. Rba1 Bxe4 25. Bxe4 Nc7 26. Bxc5 dxc5 27. d6
Ne6 28. Bxa8 Rxa8 29. Rxa6 Rd8 30. Ra8 Kf7 31. R1a7+ Kf6 32. Rxd8 Nxd8 33. Kf1
h6 34. Ke2 Bf8 35. d7 Bd6 36. Kd3 Ke7 37. Ke4 Nc6 38. Rb7 Ke6 39. c3 Be7 40.
Rb6 Kxd7 41. Kd5 Nd8 42. Rxg6 Nf7 43. h4 Bf8 44. Ra6 Be7 45. Ra7+ Ke8 46. Ra8+
Kd7 47. Ra7+ Ke8 48. Rb7 Nd6 49. Rb6 Nf7 50. b4 cxb4 51. cxb4 Kd7 52. Rb7+ Ke8
53. b5 Nd6 54. Rb8+ Kd7 55. Kxe5 Kc7 56. Rg8 Nxb5 57. Rg7 Kd8 58. Rh7 Bc5 59.
f3 Bd6+ 60. Kf5 Bxg3 61. Rxh6 Ke7 62. Rh7+ Kf8 63. h5 Nd6+ 64. Kf6 Ne8+ 65. Kg6
Nc7 66. h6 Nd5 67. Rf7+ Ke8 68. h7 Be5 69. f4 Bd4 70. Rb7 Nxf4+ 71. Kf5 Nh5 72.
Kg5 Ng3 73. Kg6 Kf8 74. Rf7+ Ke8 75. Rf6 Bxf6 76. Kxf6 Nh5+ 77. Kg5 1-0

[Event "17. Obert Int. Sant Marti 2015"]
[Site "Barcelona ESP"]
[Date "2015.07.17"]
[Round "5.44"]
[White "Shashikant, Kutwal"]
[Black "Kakumanu, Kautil Prasad"]
[Result "1-0"]
[WhiteElo "2202"]
[BlackElo "1616"]
[PlyCount "45"]
[EventDate "2015.07.13"]
[EventType "swiss"]
[EventRounds "9"]
[EventCountry "ESP"]
[SourceTitle "Ajedrez en Madrid"]
[Source "lmi"]
[SourceDate "2013.07.13"]
[SourceVersion "1"]
[SourceVersionDate "2019.06.24"]
[SourceQuality "1"]

1. e4 c5 2. Nf3 Nc6 3. d4 cxd4 4. Nxd4 g6 5. c4 Bg7 6. Be3 Nf6 7. Nc3 O-O 8.
Be2 d6 9. O-O Bd7 10. Nc2 Be6 11. f4 Rc8 12. Qd2 Qa5 13. Rab1 Nb4 14. Nd4 Nc6
15. b4 Qc7 16. Nxe6 fxe6 17. g4 e5 18. g5 exf4 19. gxf6 fxe3 20. Qd5+ Kh8 21.
fxg7+ Kxg7 22. Nb5 Qd7 23. Nd4 1-0

[Event "17. Obert Int. Sant Marti 2015"]
[Site "Barcelona ESP"]
[Date "2015.07.17"]
[Round "5.45"]
[White "Glimbrant, Torbjorn"]
[Black "Aprea, Daniele"]
[Result "1-0"]
[WhiteElo "2197"]
[BlackElo "1923"]
[PlyCount "113"]
[EventDate "2015.07.13"]
[EventType "swiss"]
[EventRounds "9"]
[EventCountry "ESP"]
[SourceTitle "Ajedrez en Madrid"]
[Source "lmi"]
[SourceDate "2013.07.13"]
[SourceVersion "1"]
[SourceVersionDate "2019.06.24"]
[SourceQuality "1"]

1. d4 e6 2. Nf3 f5 3. g3 Nf6 4. Bg2 Be7 5. c4 d6 6. Nc3 O-O 7. O-O Qe8 8. Re1
Qg6 9. e4 fxe4 10. Nxe4 Nxe4 11. Rxe4 Nc6 12. Nh4 Qf7 13. Rf4 Bf6 14. Nf3 Qh5
15. g4 Qe8 16. g5 Be7 17. Rxf8+ Qxf8 18. Be3 Kh8 19. Nh4 Qf7 20. Be4 g6 21. Qf3
Qxf3 22. Nxf3 Bd7 23. Rc1 Bf8 24. a3 a5 25. Kg2 Bg7 26. h4 e5 27. d5 Ne7 28.
Nd2 Nf5 29. Rh1 Rf8 30. b3 b6 31. Nf1 Kg8 32. Ng3 Be8 33. Bd2 Nd4 34. b4 axb4
35. axb4 Bf7 36. Be3 Nf5 37. Nxf5 gxf5 38. Bxf5 Bxd5+ 39. cxd5 Rxf5 40. Rc1 Rf7
41. Kg3 Rd7 42. Kg4 Rf7 43. Rc4 Re7 44. f3 Rd7 45. b5 Kf7 46. Ra4 Bf8 47. Ra7
Re7 48. Kf5 Ke8 49. Ra8+ Kf7 50. h5 Kg7 51. g6 hxg6+ 52. hxg6 Rd7 53. Bg5 Be7
54. Ke6 Rd8 55. Rxd8 Bxg5 56. Rc8 Kxg6 57. Rxc7 1-0

[Event "17. Obert Int. Sant Marti 2015"]
[Site "Barcelona ESP"]
[Date "2015.07.17"]
[Round "5.46"]
[White "Magallanes, Gustavo"]
[Black "Juan Bartroli, Pau"]
[Result "0-1"]
[WhiteElo "1908"]
[BlackElo "2195"]
[PlyCount "119"]
[EventDate "2015.07.13"]
[EventType "swiss"]
[EventRounds "9"]
[EventCountry "ESP"]
[SourceTitle "Ajedrez en Madrid"]
[Source "lmi"]
[SourceDate "2013.07.13"]
[SourceVersion "1"]
[SourceVersionDate "2019.06.24"]
[SourceQuality "1"]

1. e4 c6 2. Nc3 d5 3. Nf3 Bg4 4. h3 Bxf3 5. Qxf3 e6 6. d4 dxe4 7. Nxe4 Nd7 8.
Bd3 Ngf6 9. c3 Nxe4 10. Qxe4 Nf6 11. Qh4 Be7 12. O-O h6 13. Re1 Qd7 14. Bf4 Nd5
15. Qg4 Nxf4 16. Qxf4 g5 17. Qe5 O-O-O 18. b4 Bd6 19. Qa5 Kb8 20. b5 Bc7 21.
Qb4 Qd6 22. Qb2 c5 23. Be4 cxd4 24. g3 f5 25. Bg2 f4 26. g4 f3 27. Bxf3 Qh2+
28. Kf1 Qxh3+ 29. Bg2 Qxg4 30. Re4 dxc3 31. Qxc3 Qf5 32. Rc1 Rc8 33. Rc4 Rhf8
34. Rc2 Qxb5 35. Rb2 Rxf2+ 36. Rxf2 Be5 37. Rb2 Qxc4+ 38. Qxc4 Rxc4 39. Rxb7+
Kc8 40. Rxa7 h5 41. Re7 Rc1+ 42. Ke2 Rc2+ 43. Kf1 Rxa2 44. Rxe6 Bd4 45. Bd5
Rf2+ 46. Ke1 Rf4 47. Rg6 Bf6 48. Rh6 h4 49. Rh7 Kd8 50. Ke2 g4 51. Ke3 Rf1 52.
Bc4 Bg5+ 53. Ke2 Rf4 54. Bd5 Ke8 55. Ba8 Kf8 56. Bd5 Rf5 57. Be4 Re5 58. Kd3
Kg8 59. Rb7 h3 60. Bh7+ 0-1

[Event "17. Obert Int. Sant Marti 2015"]
[Site "Barcelona ESP"]
[Date "2015.07.17"]
[Round "5.49"]
[White "Franch Guiral, Ramon"]
[Black "Deshpande, Aniruddha"]
[Result "0-1"]
[WhiteElo "1964"]
[BlackElo "2268"]
[PlyCount "46"]
[EventDate "2015.07.13"]
[EventType "swiss"]
[EventRounds "9"]
[EventCountry "ESP"]
[SourceTitle "Ajedrez en Madrid"]
[Source "lmi"]
[SourceDate "2013.07.13"]
[SourceVersion "1"]
[SourceVersionDate "2019.06.24"]
[SourceQuality "1"]

1. e4 d5 2. exd5 Qxd5 3. Nc3 Qd6 4. d3 e5 5. Bd2 Nc6 6. Nf3 Nf6 7. h3 Bf5 8.
Bg5 h6 9. Bxf6 Qxf6 10. Nd2 O-O-O 11. g4 Bg6 12. Qf3 Qxf3 13. Nxf3 Nd4 14. Nxd4
exd4 15. Nb1 h5 16. Bg2 Re8+ 17. Kd2 Bb4+ 18. c3 Bc5 19. f3 Re3 20. gxh5 Rxd3+
21. Kc2 Rxc3+ 22. Kd1 Rd3+ 23. Nd2 Bb4 0-1